LGU journal of life sciences. (Record no. 534527)
[ view plain ]
| 000 -LEADER | |
|---|---|
| fixed length control field | 00337nam a22001217a 4500 |
| 022 ## - INTERNATIONAL STANDARD SERIAL NUMBER | |
| International Standard Serial Number | 2519-9404 E- 2521-0130 |
| 082 ## - DEWEY DECIMAL CLASSIFICATION NUMBER | |
| Classification number | Vol- |
| 245 ## - TITLE STATEMENT | |
| Title | LGU journal of life sciences. |
| Statement of responsibility, etc | LGU Society of Life Sciences. |
| 260 ## - PUBLICATION, DISTRIBUTION, ETC. (IMPRINT) | |
| Place of publication, distribution, etc | Lahore: |
| Name of publisher, distributor, etc | Lahore Garrison University, |
| 300 ## - PHYSICAL DESCRIPTION | |
| Dimensions | 24cm. |
| 650 ## - SUBJECT ADDED ENTRY--TOPICAL TERM | |
| Topical term or geographic name as entry element | Life Sciences - Journals. |
| 942 ## - ADDED ENTRY ELEMENTS (KOHA) | |
| Koha item type | Continuing Resources |
| Damaged status | Not for loan | Permanent Location | Current Location | Date acquired | Full call number | Barcode | Koha item type |
|---|---|---|---|---|---|---|---|
| Central Library (CL) | Central Library (CL) | 03/01/2020 | Vol-3, No-1 Jan - Mar 2019 | S-94077 | Continuing Resources |
